| 000 | 00379nam a22001217a 4500 | ||
|---|---|---|---|
| 082 | _a200 THE | ||
| 100 |
_aSyeda Sara Habib _915497 |
||
| 245 | _aTH-SOF-1171-Urban Scene Detection by Material Mapping Using Hyper Spectral Imaging | ||
| 260 |
_aIslamabad _bNUST College of EME _c2015 |
||
| 650 | _a MS-MTS-70 MSTHESIS | ||
| 700 |
_aSupervison Dr. Javaid Iqbal _970394 |
||
| 942 | _cCF | ||
| 999 |
_c577374 _d577374 |
||